| 000 | 00800nam a2200229 4500 | ||
|---|---|---|---|
| 005 | 20020327112551.0 | ||
| 008 | 710422s1970 enk b 000 0 eng | ||
| 010 | _aENG-92721 | ||
| 020 |
_c140.00 _a9789380015118 |
||
| 035 | _aEN-76254 | ||
| 037 | _bDBAD / PUB | ||
| 040 |
_adpl _bEnglish |
||
| 082 | _a631 | ||
| 100 | _aBalakrishnan, R. | ||
| 245 |
_aFood crop plants / _cby R. Balakrishnan |
||
| 260 |
_aTamilnadu _bAnnamalaiyar Educational Publication _c2008 |
||
| 270 |
_a8/305, Thulasinga Nagar, Valparai Post, _bTamilnadu _e642127 |
||
| 300 |
_a114p. _c20cm (pbk) |
||
| 650 | _aFood crops. | ||
| 942 |
_2ddc _cEN _mBAL _h631 |
||
| 999 |
_c22693 _d22693 |
||